Construction law and environmental harm: the liability interface (Record no. 65894)

MARC details
000 -LEADER
fixed length control field 01278cam a2200301 4500
001 - CONTROL NUMBER
control field ABS63380
008 - FIXED-LENGTH DATA ELEMENTS--GENERAL INFORMATION
fixed length control field 000000n2000 000 0 eng u
035 ## - SYSTEM CONTROL NUMBER
System control number (Sirsi) u110539
100 ## - MAIN ENTRY--PERSONAL NAME
Personal name Lavers, A.
245 ## - TITLE STATEMENT
Title Construction law and environmental harm: the liability interface
260 ## - PUBLICATION, DISTRIBUTION, ETC.
-- 2000
490 ## - SERIES STATEMENT
Series statement Construction Management and Economics
Volume/sequential designation 18(8) December 2000, 893-902(10)
520 ## - SUMMARY, ETC.
Summary, etc. Examines the liability of construction professionals for environmental harm and considers the issues raised by some of the literature and case law designed to help those involved in property and construction with risk assessment. The topics covered include contamination, environmental protection, harm to acoustic amenity, planning law, use and removal of deleterious materials, visual or aesthetic harm, and waste and waste management. References.
590 ## - LOCAL NOTE (RLIN)
Local note ABS
650 ## - SUBJECT ADDED ENTRY--TOPICAL TERM
Topical term or geographic name entry element CASE LAW
650 ## - SUBJECT ADDED ENTRY--TOPICAL TERM
Topical term or geographic name entry element CONSTRUCTION PROCESS
650 ## - SUBJECT ADDED ENTRY--TOPICAL TERM
Topical term or geographic name entry element Contamination
9 (RLIN) 6231
650 ## - SUBJECT ADDED ENTRY--TOPICAL TERM
Topical term or geographic name entry element ENVIRONMENTAL LAW
650 ## - SUBJECT ADDED ENTRY--TOPICAL TERM
Topical term or geographic name entry element ENVIRONMENTAL LIABILITY
650 ## - SUBJECT ADDED ENTRY--TOPICAL TERM
Topical term or geographic name entry element ENVIRONMENTAL PROTECTION
650 ## - SUBJECT ADDED ENTRY--TOPICAL TERM
Topical term or geographic name entry element PLANNING LAW
650 ## - SUBJECT ADDED ENTRY--TOPICAL TERM
Topical term or geographic name entry element POLLUTION
650 ## - SUBJECT ADDED ENTRY--TOPICAL TERM
Topical term or geographic name entry element WASTE
650 ## - SUBJECT ADDED ENTRY--TOPICAL TERM
Topical term or geographic name entry element WASTE MANAGEMENT
690 ## - LOCAL SUBJECT ADDED ENTRY--TOPICAL TERM (OCLC, RLIN)
Topical term or geographic name as entry element BUILDING AND CONSTRUCTION-LAW
700 ## - ADDED ENTRY--PERSONAL NAME
Personal name Shiers, D.
942 ## - ADDED ENTRY ELEMENTS (KOHA)
Suppress in OPAC 0
Holdings
Withdrawn status Lost status Source of classification or shelving scheme Damaged status Not for loan Home library Current library Shelving location Date acquired Total Checkouts Barcode Date last seen Copy number Price effective from Koha item type
    Dewey Decimal Classification     London London Journal article 25/01/2001   110539-1001 06/08/2019 1 06/08/2019 Journal article